Bilecik Bilecik Bilecik Bilecik Bilecik

Çalışma Odası 5. (Record no. 59034)

MARC details
000 -BAŞLIK
Sabit Uzunluktaki Kontrol Alanı 00488nam a22001937a 4500
001 - KONTROL NUMARASI
Control Dosyası O0000005
003 - KONTROL NUMARASI KİMLİĞİ
Kontrol Alanı KOHA_MİRAKIL
005 - EN SON İŞLEM TARİHİ ve ZAMANI
Kontrol Alanı 20260206231916.0
007 - FİZİKSEL TANIM SABİT ALAN - GENEL BİLGİ
Sabit uzunluklu kontrol alanı ta
008 - SABİT UZUNLUKTAKİ VERİ ÖGELERİ - GENEL BİLGİ
Sabit Alan 160810b xx |||gr||||#||||0| |
040 ## - KATALOGLAMA KAYNAĞI
Özgün Kataloglama Kurumu TR-BiSEU
Kataloglama Dili tur
Çeviri Kurumu TR-BiSEU
Açıklama Kuralları rda
050 00 - SINIFLAMA ve YER NUMARASI
Sınıflama Numarası ÇalışmaOdası5
Yer Numarası
245 1# - ESER ADI BİLDİRİMİ
Başlık Çalışma Odası 5.
264 #1 - ÜRERİM, YAYIN, DAĞITIM ve TELİF BİLDİRİMİ
Yayın yeri :
Yayınlayan
336 ## - İÇERİK TÜRÜ
Content type term dokunsal metin
Content type code tct
Source rdacontent
337 ## - MEDYA TÜRÜ
Media type term aracısız
Media type code n
Source rdamedia
338 ## - TAŞIYICI TÜRÜ
Carrier type term cilt
Carrier type code nc
Source rdacarrier
942 ## - EK GİRİŞ ÖGELERİ (KOHA)
Source of classification or shelving scheme Library of Congress Classification
Koha item type Non-print material
Holdings
Materyal Türü Kalıcı Konum Mevcut Konum Sınıflandırma Kaynağı Edinim Bilgisi Yer Numarası Demirbaş Numarası Fatura Tarihi Geri Çekilme Durumu Kayıp Durumu Hasarlı Durumu Kredi için değil Kayıt Tarih Toplam Ödünçverme Toplam Yenileme Son Görülme Tarihi Son Kontrol Tarihi
Çalışma Odası Prof. Dr. Azmi Özcan Kütüphanesi Prof. Dr. Azmi Özcan Kütüphanesi Library of Congress Classification Diğer Çalışma Odası 5/ O0000005 02/02/2026         10/08/2016 2398 6 16/04/2026 16/04/2026